|
|
|
|
| LEADER |
00748cam a2200205 7i4500 |
| 001 |
0000038664 |
| 005 |
20170218090000.0 |
| 020 |
|
|
|a 9781562865047 (pbk.)
|
| 020 |
|
|
|a 1562865048 (pbk.)
|
| 090 |
0 |
0 |
|a HF5549.5.S38
|b L48 2008
|
| 100 |
1 |
|
|a Levit, Alexandra
|
| 245 |
1 |
0 |
|a Success for hire :
|b simple strategies to find and keep outstanding employees
|c Alexandra Levit.
|
| 260 |
|
|
|a Alexandria, VA:
|b ASTD Press,
|c 2008.
|
| 300 |
|
|
|a xii, 156 p.;
|c 23 cm.
|
| 504 |
|
|
|a Includes bibliographical references and index
|
| 650 |
0 |
0 |
|a Employee retention
|
| 650 |
0 |
0 |
|a Employee selection
|
| 997 |
|
|
|a Business & Accountancy, Faculty
|
| 999 |
|
|
|a 0000044104
|b BOK
|c OPEN SHELF
|e 1st Floor, Bestari Jaya
|
| 999 |
|
|
|a 0000044105
|b BOK
|c OPEN SHELF
|e 1st Floor, Shah Alam
|